00721nam a2200253 a 4500001001300000003000900013005001700022008004100039020001300080082001500093100001900108245003800127260004300165300000900208500003500217505001000252650002400262650002400286700001900310902000800329942000700337952010800344999001500452nice12345678IN_TiNIC20260116012740.0050524s1960 lona grp 000 0 eng  ac130.6500a200.1bJAM aJames, William aVarieties of Religious Experience aLondonbCollins, Fontana Libraryc1960 a508p aincludes index and biblioraphy2 aIndex aReligion-Philosophy aReligion-Experience1 aJames, William bSRS cBK 00104070aHMIbHMId2008-04-11g130.65l7o200.1 JAMp014784r2024-11-14s2024-11-04w2026-01-16yEB c8212d8212